Elementary mechanics of solids (Record no. 4447)

000 -LEADER
fixed length control field 00558nam a2200217 a 4500
001 - CONTROL NUMBER
control field 4447
003 - CONTROL NUMBER IDENTIFIER
control field BD-DhUET
008 - FIXED-LENGTH DATA ELEMENTS--GENERAL INFORMATION
fixed length control field 810420t19811980nyua b 001 0 eng
020 ## - INTERNATIONAL STANDARD BOOK NUMBER
International Standard Book Number 085226819X
040 ## - CATALOGING SOURCE
Original cataloging agency DLC
Transcribing agency DLC
Modifying agency BD-DhUET
082 ## - DEWEY DECIMAL CLASSIFICATION NUMBER
Classification number 531
Item number SIN/1980
100 ## - MAIN ENTRY--PERSONAL NAME
Personal name Singh, Pashupati Nath
245 10 - TITLE STATEMENT
Title Elementary mechanics of solids
250 ## - EDITION STATEMENT
Edition statement 1st ed.
260 ## - PUBLICATION, DISTRIBUTION, ETC. (IMPRINT)
Place of publication, distribution, etc. New Delhi
Name of publisher, distributor, etc. Wiley Eastern
Date of publication, distribution, etc. 1980
300 ## - PHYSICAL DESCRIPTION
Extent xvi, 616p.
Other physical details ill.
504 ## - BIBLIOGRAPHY, ETC. NOTE
Bibliography, etc Includes bibliographies
650 #0 - SUBJECT ADDED ENTRY--TOPICAL TERM
Topical term or geographic name as entry element Mechanics of solids
700 ## - ADDED ENTRY--PERSONAL NAME
Personal name Jha, Prem Kumar
942 ## - ADDED ENTRY ELEMENTS (KOHA)
Koha item type General Book
Holdings
Not for loan Location (home branch) Koha full call number Sublocation or collection (holding branch) Source of classification or shelving scheme Price effective from Piece designation (barcode) Koha date last seen Lost status Damaged status Koha normalized classification for sorting Withdrawn status Koha item type Date acquired Copy number Shelving location
 Central Library, BUET531/SIN/1980Central Library, BUET 2014-11-16592492014-11-16  531_000000000000000_SIN_1980 General Book2014-11-161Circulation section
 Central Library, BUET531/SIN/1980Central Library, BUET 2015-03-10592502015-03-10  531_000000000000000_SIN_1980 General Book2015-03-102Circulation section
 Central Library, BUET531/SIN/1980Central Library, BUET 2015-03-10592522015-03-10  531_000000000000000_SIN_1980 General Book2015-03-103Circulation section
 Central Library, BUET531/SIN/1980Central Library, BUET 2015-03-10592452015-03-10  531_000000000000000_SIN_1980 General Book2015-03-104Circulation section
 Central Library, BUET531/SIN/1980Central Library, BUET 2015-03-10592462015-03-10  531_000000000000000_SIN_1980 General Book2015-03-105Circulation section
 Central Library, BUET531/SIN/1980Central Library, BUET 2015-03-11 2015-03-11  531_000000000000000_SIN_1980 General Book2015-03-116 
 Central Library, BUET531/SIN/1980Central Library, BUET 2015-03-11592482015-03-11  531_000000000000000_SIN_1980 General Book2015-03-117Circulation section
 Central Library, BUET531/SIN/1980Central Library, BUET 2015-03-11573482015-03-11  531_000000000000000_SIN_1980 General Book2015-03-118Circulation section
 Central Library, BUET531/SIN/1980Central Library, BUET 2015-03-22553672016-03-27  531_000000000000000_SIN_1980 General Book2015-03-229Circulation section
 Central Library, BUET531/SIN/1980Central Library, BUET 2015-06-08592442015-06-08  531_000000000000000_SIN_1980 Reading Item2015-06-0810Reading section
 Central Library, BUET531/SIN/1980Central Library, BUET 2015-06-08592432015-06-08  531_000000000000000_SIN_1980 Reading Item2015-06-0811Reading section